[Event "Mundial Juvenil femenino 2005 s10"]
[Site "Belfort FRA"]
[Date "2005.07.29"]
[Round "10.17"]
[White "Botez, Alexandra"]
[Black "Yang, Sylvia"]
[Result "1/2-1/2"]
[WhiteElo "1599"]
[BlackElo "1599"]
[PlyCount "47"]
[EventDate "2005.07.19"]
[EventType "swiss"]
[EventRounds "11"]
[EventCountry "FRA"]
[Source "lmi"]
[SourceDate "2005.07.31"]

1. d4 d5 2. c4 e6 3. Nc3 c5 4. dxc5 d4 5. Ne4 f5 6. Nd6+ Bxd6 7. cxd6 Qxd6 8.
e3 Nc6 9. a3 Qd7 10. Nf3 dxe3 11. Qxd7+ Bxd7 12. Bxe3 a5 13. Be2 Nf6 14. Nd4 e5
15. Nb5 O-O 16. O-O Ne8 17. Rfd1 Be6 18. Rd2 f4 19. Bc5 Rf7 20. Rad1 e4 21. Bf1
h6 22. Nd6 Nxd6 23. Rxd6 Bf5 24. Bb6 1/2-1/2

[Event "Mundial Juvenil femenino 2005 s10"]
[Site "Belfort FRA"]
[Date "2005.07.29"]
[Round "10.18"]
[White "Unaphkshvili, Nani"]
[Black "Galunova, Tsveta"]
[Result "1/2-1/2"]
[WhiteElo "1599"]
[BlackElo "1599"]
[PlyCount "101"]
[EventDate "2005.07.19"]
[EventType "swiss"]
[EventRounds "11"]
[EventCountry "FRA"]
[Source "lmi"]
[SourceDate "2005.07.31"]

1. d4 d5 2. c4 c6 3. Qc2 dxc4 4. Qxc4 Qd5 5. Qxd5 cxd5 6. Nf3 Nf6 7. g3 Bf5 8.
Nc3 a6 9. Bg2 e6 10. a3 Be7 11. O-O O-O 12. Bf4 Nc6 13. h3 Rac8 14. Rac1 Na5
15. Nh4 Bg6 16. Nxg6 hxg6 17. Rfd1 Nc4 18. Rc2 Nxb2 19. Rxb2 Rxc3 20. Rxb7 Bxa3
21. Ra7 Rc6 22. Ra1 Bb2 23. Ra4 Rc4 24. Rxc4 dxc4 25. Rxa6 Bxd4 26. Rc6 Nd5 27.
Rxc4 Nxf4 28. gxf4 Rd8 29. Ra4 Kf8 30. e3 Bb6 31. Ra8 Rxa8 32. Bxa8 Ke7 33. Bc6
Kf6 34. Kf1 Kf5 35. Bd7 g5 36. fxg5 Kxg5 37. Bc6 f5 38. Bd7 e5 39. Kg2 g6 40.
Be8 e4 41. Bf7 Kf6 42. Be8 Kg5 43. Bf7 Kf6 44. Be8 g5 45. Bc6 Ke5 46. Bd7 f4
47. exf4+ Kxf4 48. Bg4 Ba7 49. Kf1 e3 50. fxe3+ Kxe3 51. Be2 1/2-1/2

[Event "Mundial Juvenil femenino 2005 s10"]
[Site "Belfort FRA"]
[Date "2005.07.29"]
[Round "10.19"]
[White "Johnova, Eliska"]
[Black "Pouillart, Cecile"]
[Result "1-0"]
[WhiteElo "1599"]
[BlackElo "1599"]
[PlyCount "73"]
[EventDate "2005.07.19"]
[EventType "swiss"]
[EventRounds "11"]
[EventCountry "FRA"]
[Source "lmi"]
[SourceDate "2005.07.31"]

1. e4 e5 2. Nc3 Nf6 3. f4 d5 4. fxe5 Nxe4 5. d3 Qh4+ 6. g3 Nxg3 7. Nf3 Bg4 8.
Nxh4 Bxd1 9. hxg3 Bxc2 10. b3 Bb4 11. Kd2 Bd1 12. Kxd1 Bxc3 13. Rb1 Bxe5 14.
Bf4 Nd7 15. Bh3 f6 16. Re1 g5 17. Bxd7+ Kxd7 18. Bxe5 fxe5 19. Nf3 Rhf8 20.
Nxe5+ Kd6 21. d4 Rf2 22. Re2 Raf8 23. Rbb2 Rf1+ 24. Kc2 Rg1 25. g4 Rff1 26. Kd3
Rd1+ 27. Rbd2 Rg3+ 28. Re3 Rxd2+ 29. Kxd2 Rxe3 30. Kxe3 Ke6 31. a4 c5 32. Nd3
cxd4+ 33. Kxd4 Kd6 34. Nb4 a5 35. Nxd5 h6 36. Nf6 b6 37. Ng8 1-0

[Event "Mundial Juvenil femenino 2005 s10"]
[Site "Belfort FRA"]
[Date "2005.07.29"]
[Round "10.20"]
[White "Zhurbenskiy, Eve"]
[Black "Kabai, Zsuzsanna"]
[Result "0-1"]
[WhiteElo "1599"]
[BlackElo "1599"]
[PlyCount "98"]
[EventDate "2005.07.19"]
[EventType "swiss"]
[EventRounds "11"]
[EventCountry "FRA"]
[Source "lmi"]
[SourceDate "2005.07.31"]

1. e4 c5 2. f4 e6 3. Nf3 Nc6 4. Bb5 Nge7 5. O-O d6 6. Nc3 g6 7. Qe1 Bg7 8. e5
d5 9. Qf2 b6 10. d4 c4 11. Bxc6+ Nxc6 12. Nb5 Bf8 13. Ng5 h6 14. Nf3 a6 15. Nc3
Be7 16. Bd2 O-O 17. b3 cxb3 18. cxb3 Kg7 19. g4 Bd7 20. h4 Rh8 21. g5 h5 22.
Ne2 Rc8 23. Ne1 Rc7 24. Nd3 Qb8 25. a3 Rhc8 26. Nb4 Nxb4 27. Bxb4 Bxb4 28. axb4
Bb5 29. Rac1 Qb7 30. Rxc7 Rxc7 31. Qe3 Bxe2 32. Qxe2 b5 33. Qa2 Rc6 34. Qa5 Qa7
35. Rd1 Qc7 36. Qa1 Kf8 37. Kf1 Ke7 38. Kg1 Kd7 39. Kf1 Kc8 40. Ke1 Kb7 41. Ke2
Rc3 42. Qa3 Rh3 43. Rc1 Qd7 44. Ra1 Qc6 45. Rc1 Qb6 46. Ra1 Rxh4 47. Kf3 Rh3+
48. Ke2 Rg3 49. Kf2 Rd3 0-1

[Event "Mundial Juvenil femenino 2005 s10"]
[Site "Belfort FRA"]
[Date "2005.07.30"]
[Round "11.2"]
[White "Lach, Aleksandra"]
[Black "Ziaziulkina, Nastassia"]
[Result "1/2-1/2"]
[WhiteElo "1822"]
[BlackElo "1949"]
[PlyCount "106"]
[EventDate "2005.07.19"]
[EventType "swiss"]
[EventRounds "11"]
[EventCountry "FRA"]
[Source "lmi"]
[SourceDate "2005.07.31"]

1. e4 c5 2. Nc3 Nc6 3. Nf3 e5 4. Bc4 Be7 5. d3 Nf6 6. Ng5 O-O 7. f4 exf4 8.
Bxf4 h6 9. Nf3 Na5 10. O-O Nxc4 11. dxc4 d6 12. Re1 a6 13. Nd5 Nxd5 14. cxd5 b5
15. Qd2 Bb7 16. Rad1 Bf6 17. c3 Re8 18. Qf2 Kh8 19. e5 dxe5 20. Bxe5 c4 21. Kh1
Kg8 22. Rf1 Kh8 23. Qg3 Qe7 24. Rfe1 Bxe5 25. Rxe5 Qf6 26. Rde1 Rxe5 27. Rxe5
Rd8 28. Qe1 Bxd5 29. Nd4 Qg6 30. Re2 Kh7 31. Qg1 Be4 32. Re3 Re8 33. Rg3 Qf6
34. h3 Bd5 35. Nf3 Qf4 36. Qf2 Kh8 37. a3 Qe3 38. Qf1 Qe2 39. Qg1 f6 40. Kh2
Qe3 41. Qd1 Qd3 42. Qg1 Qe3 43. Qd1 Bxf3 44. Rxf3 Qe5+ 45. Rg3 h5 46. h4 Qe2
47. Qd7 Re7 48. Qc8+ Kh7 49. Qf5+ Kg8 50. Qc8+ Kf7 51. Qh8 Ke6 52. Qc8+ Kf7 53.
Qh8 Ke6 1/2-1/2

[Event "Mundial Juvenil femenino 2005 s10"]
[Site "Belfort FRA"]
[Date "2005.07.30"]
[Round "11.3"]
[White "Aflalo, Sophie"]
[Black "Ivekovic, Tihana"]
[Result "1-0"]
[WhiteElo "1599"]
[BlackElo "1599"]
[PlyCount "81"]
[EventDate "2005.07.19"]
[EventType "swiss"]
[EventRounds "11"]
[EventCountry "FRA"]
[Source "lmi"]
[SourceDate "2005.07.31"]

1. e4 c5 2. Nf3 Nc6 3. d4 cxd4 4. Nxd4 Nf6 5. Nc3 e5 6. Ndb5 d6 7. Bg5 a6 8.
Na3 b5 9. Nd5 Be7 10. Bxf6 Bxf6 11. c3 O-O 12. Nc2 Bg5 13. Nce3 Bxe3 14. Nxe3
Be6 15. Be2 Qd7 16. O-O Rab8 17. Qd2 Rfd8 18. Rfd1 Qc7 19. Nd5 Bxd5 20. exd5
Ne7 21. Rac1 Qb6 22. b3 Rdc8 23. c4 bxc4 24. Bxc4 Ra8 25. Rc3 Nf5 26. Qg5 Nd4
27. Rg3 g6 28. Rh3 Qc7 29. f4 Qa7 30. Kh1 Re8 31. Qh4 h5 32. Qg5 exf4 33. Qxf4
Nb5 34. Rf1 Re5 35. g4 h4 36. g5 Kf8 37. Rxh4 Rf5 38. Qg3 Rxf1+ 39. Bxf1 Qb7
40. Bc4 Na3 41. Qxd6+ 1-0

[Event "Mundial Juvenil femenino 2005 s10"]
[Site "Belfort FRA"]
[Date "2005.07.30"]
[Round "11.4"]
[White "Efroimski, Marsel"]
[Black "Kotepalli, Sai Nirupama"]
[Result "0-1"]
[WhiteElo "1599"]
[BlackElo "1599"]
[PlyCount "50"]
[EventDate "2005.07.19"]
[EventType "swiss"]
[EventRounds "11"]
[EventCountry "FRA"]
[Source "lmi"]
[SourceDate "2005.07.31"]

1. e4 e6 2. d4 g6 3. f4 Bg7 4. Nf3 Ne7 5. Bd3 d5 6. e5 c5 7. c3 Qb6 8. Qe2 Nbc6
9. dxc5 Qxc5 10. Be3 Qa5 11. b4 Qd8 12. Qf2 b6 13. Na3 Bd7 14. Nb5 Nc8 15. Na3
a6 16. Rb1 b5 17. O-O O-O 18. Kh1 f6 19. Bc5 Re8 20. Qg3 f5 21. h4 N8e7 22. Qh3
h5 23. Qg3 Rc8 24. Qf2 Rb8 25. Nd2 Bc8 0-1

[Event "Mundial Juvenil femenino 2005 s10"]
[Site "Belfort FRA"]
[Date "2005.07.30"]
[Round "11.5"]
[White "Fataliyeva, Ulviyya"]
[Black "Kou, Yingya"]
[Result "0-1"]
[WhiteElo "1599"]
[BlackElo "1599"]
[PlyCount "104"]
[EventDate "2005.07.19"]
[EventType "swiss"]
[EventRounds "11"]
[EventCountry "FRA"]
[Source "lmi"]
[SourceDate "2005.07.31"]

1. e4 c5 2. Nf3 d6 3. d4 cxd4 4. Nxd4 Nf6 5. f3 a6 6. c4 e6 7. Nc3 Be7 8. Be3
Nc6 9. Be2 O-O 10. O-O Bd7 11. f4 Rc8 12. Qe1 Qc7 13. Qg3 Kh8 14. Rae1 Na5 15.
Rc1 Nxc4 16. Nb1 Nxe4 17. Qf3 d5 18. b3 Qa5 19. bxc4 Qxa2 20. cxd5 exd5 21. Bd3
f5 22. Qe2 Qa4 23. Bxe4 dxe4 24. Qb2 b5 25. Nc3 Qa5 26. Nb3 Qa3 27. Qb1 Be6 28.
Nd4 Bc4 29. Rf2 Bd3 30. Qb2 Qxb2 31. Rxb2 Ba3 32. Rb3 Bxc1 33. Bxc1 b4 34. Nce2
Bxe2 35. Nxe2 Rc2 36. Kf2 a5 37. Be3 Rfc8 38. Bb6 Ra2 39. Ke3 Ra3 40. Rxa3 bxa3
41. Bd4 a2 42. Be5 Re8 43. Bd4 Rd8 44. Bb2 Rd1 45. Nc3 a1=Q 46. Bxa1 Rxa1 47.
Nb5 a4 48. Nd4 a3 49. Nc2 Rc1 50. Kd2 Rxc2+ 51. Kxc2 a2 52. Kb2 e3 0-1

[Event "Mundial Juvenil femenino 2005 s10"]
[Site "Belfort FRA"]
[Date "2005.07.30"]
[Round "11.6"]
[White "Casusol, Cecilia"]
[Black "Gaboyan, Susanna"]
[Result "1-0"]
[WhiteElo "1599"]
[BlackElo "1599"]
[PlyCount "97"]
[EventDate "2005.07.19"]
[EventType "swiss"]
[EventRounds "11"]
[EventCountry "FRA"]
[Source "lmi"]
[SourceDate "2005.07.31"]

1. e4 c6 2. d4 d5 3. e5 Bf5 4. Bd3 Bxd3 5. Qxd3 e6 6. a3 Ne7 7. Nc3 Nf5 8. Nge2
Qb6 9. O-O c5 10. Be3 Nc6 11. dxc5 Bxc5 12. Na4 Qa5 13. Nxc5 Nxe5 14. Qc3 Qxc3
15. Nxc3 d4 16. Bf4 Ng6 17. Ne2 Rc8 18. Nd3 Rxc2 19. Ng3 Nxg3 20. Bxg3 O-O 21.
Rac1 Rfc8 22. Rxc2 Rxc2 23. Rc1 Rxc1+ 24. Nxc1 e5 25. Kf1 f5 26. f3 e4 27. fxe4
fxe4 28. Ke2 h5 29. Nb3 h4 30. Bb8 d3+ 31. Ke3 Ne7 32. Bxa7 Nc8 33. Bd4 Nd6 34.
Nd2 Kf7 35. Bc3 Ke6 36. Nxe4 Nf5+ 37. Kf4 g6 38. Nc5+ Kd5 39. Nxd3 b5 40. Ne5
Ne7 41. Bb4 Nc8 42. Nxg6 Nb6 43. Ne5 Na4 44. Bc3 Kc5 45. Ke4 Kb6 46. Kd4 Nxc3
47. Kxc3 Kc5 48. Ng6 h3 49. gxh3 1-0

[Event "Mundial Juvenil femenino 2005 s10"]
[Site "Belfort FRA"]
[Date "2005.07.30"]
[Round "11.7"]
[White "Guo, Emma"]
[Black "Chen, Yuxuan"]
[Result "1/2-1/2"]
[WhiteElo "1599"]
[BlackElo "1599"]
[PlyCount "46"]
[EventDate "2005.07.19"]
[EventType "swiss"]
[EventRounds "11"]
[EventCountry "FRA"]
[Source "lmi"]
[SourceDate "2005.07.31"]

1. e4 c5 2. Nc3 Nc6 3. Nf3 Nf6 4. Bb5 Qc7 5. O-O Nd4 6. Nxd4 cxd4 7. Nd5 Nxd5
8. exd5 Qc5 9. c4 dxc3 10. Qb3 a6 11. Bd3 e6 12. dxc3 Be7 13. Re1 O-O 14. Qc2
h6 15. Re3 Bg5 16. Rg3 Bxc1 17. Qxc1 Kh8 18. Rh3 f5 19. Rxh6+ gxh6 20. Qxh6+
Kg8 21. Qg6+ Kh8 22. Qh6+ Kg8 23. Qg6+ Kh8 1/2-1/2

[Event "Mundial Juvenil femenino 2005 s10"]
[Site "Belfort FRA"]
[Date "2005.07.30"]
[Round "11.8"]
[White "Saduakassova, Dinara"]
[Black "Mucha, Magdalena"]
[Result "0-1"]
[WhiteElo "1599"]
[BlackElo "1599"]
[PlyCount "78"]
[EventDate "2005.07.19"]
[EventType "swiss"]
[EventRounds "11"]
[EventCountry "FRA"]
[Source "lmi"]
[SourceDate "2005.07.31"]

1. Nf3 c5 2. g3 g6 3. Bg2 Bg7 4. O-O Nc6 5. d3 e6 6. e4 Nge7 7. Nbd2 O-O 8. Re1
Kh8 9. c3 d5 10. e5 Nf5 11. Nf1 a6 12. Bf4 Qc7 13. h4 b5 14. d4 c4 15. a3 a5
16. Ne3 Nxe3 17. Bxe3 Bd7 18. Bd2 Qb6 19. Qc2 b4 20. Ng5 h6 21. Nf3 Rfb8 22.
Reb1 Ra7 23. Qc1 Kh7 24. axb4 axb4 25. Rxa7 Qxa7 26. Ra1 Qb6 27. Qc2 Be8 28. h5
bxc3 29. hxg6+ fxg6 30. bxc3 Na5 31. Bh3 Nb3 32. Rb1 Ra8 33. Be3 Ra6 34. Nd2
Ba4 35. Qb2 Qa7 36. Bf1 Nxd2 37. Bxd2 Bb3 38. Be2 Ra2 39. Qc1 Bc2 0-1

[Event "Mundial Juvenil femenino 2005 s10"]
[Site "Belfort FRA"]
[Date "2005.07.30"]
[Round "11.9"]
[White "Barantseva, Alexandra"]
[Black "Roy, Ali"]
[Result "1-0"]
[WhiteElo "2089"]
[BlackElo "1599"]
[PlyCount "113"]
[EventDate "2005.07.19"]
[EventType "swiss"]
[EventRounds "11"]
[EventCountry "FRA"]
[Source "lmi"]
[SourceDate "2005.07.31"]

1. c4 c6 2. g3 d5 3. Bg2 Bf5 4. cxd5 cxd5 5. Qb3 Qc7 6. Nc3 e6 7. Nf3 Nf6 8.
O-O Be7 9. d3 O-O 10. Bf4 Qb6 11. Nb5 Nc6 12. Bc7 Qc5 13. a3 a6 14. Nc3 Nd4 15.
Nxd4 Qxd4 16. Qxb7 Ra7 17. Bb6 Rxb7 18. Bxd4 Rxb2 19. Nxd5 Rb7 20. Nxf6+ Bxf6
21. Bxf6 Rb3 22. Bd4 Rd8 23. Bc5 Rc8 24. Bb4 Rc7 25. Rac1 Rxc1 26. Rxc1 e5 27.
Bb7 a5 28. Bd5 Rb2 29. Bxa5 Rb5 30. Be4 Rxa5 31. Bxf5 g6 32. Bd7 Rxa3 33. Rc5
Ra7 34. Bh3 Re7 35. e4 f6 36. Kg2 Re8 37. f4 exf4 38. gxf4 Rd8 39. Be6+ Kf8 40.
Bd5 f5 41. Rc7 h5 42. Rf7+ Ke8 43. Rf6 fxe4 44. dxe4 Ke7 45. Rxg6 Rh8 46. f5 h4
47. f6+ Kf8 48. e5 h3+ 49. Kg3 Ke8 50. e6 Kd8 51. f7 Ke7 52. Rg8 Rxg8+ 53.
fxg8=Q Kf6 54. Qf7+ Ke5 55. Qf4+ Kxd5 56. e7 Kc5 57. e8=Q 1-0

[Event "Mundial Juvenil femenino 2005 s10"]
[Site "Belfort FRA"]
[Date "2005.07.30"]
[Round "11.10"]
[White "Anakidze, Nino"]
[Black "Saikhanchimeg, Tsogtsaikman"]
[Result "0-1"]
[WhiteElo "1963"]
[BlackElo "1599"]
[PlyCount "110"]
[EventDate "2005.07.19"]
[EventType "swiss"]
[EventRounds "11"]
[EventCountry "FRA"]
[Source "lmi"]
[SourceDate "2005.07.31"]

1. e4 e6 2. d4 d5 3. exd5 exd5 4. Nf3 Bd6 5. Bg5 Ne7 6. Bd3 Be6 7. O-O Nd7 8.
c3 c5 9. Re1 Qb6 10. b3 Rc8 11. Qe2 O-O 12. Qc2 Ng6 13. Nbd2 cxd4 14. Nxd4 Bb4
15. Ne2 Nde5 16. Bxg6 fxg6 17. Be3 Qc7 18. Nd4 Bf5 19. Nxf5 Rxf5 20. Rac1 Bc5
21. h3 Bxe3 22. Rxe3 d4 23. Re4 Qxc3 24. Qxc3 dxc3 25. Nc4 Nxc4 26. Rxc4 Rfc5
27. R1xc3 Rxc4 28. Rxc4 Rxc4 29. bxc4 Kf7 30. f4 Ke6 31. Kf2 Kd6 32. Ke3 Kc5
33. Kd3 Kb4 34. g4 a5 35. h4 a4 36. h5 gxh5 37. gxh5 g6 38. h6 b6 39. Kd4 Ka3
40. Ke5 Kxa2 41. Kf6 a3 42. Kg7 Kb1 43. Kxh7 a2 44. Kg8 a1=Q 45. h7 Qa8+ 46.
Kg7 Qb7+ 47. Kxg6 Qc6+ 48. Kg7 Qd7+ 49. Kg8 Qe8+ 50. Kg7 Qe7+ 51. Kg8 Qe6+ 52.
Kg7 Qg4+ 53. Kh6 Qxf4+ 54. Kg7 Qc7+ 55. Kf8 Qxh7 0-1

[Event "Mundial Juvenil femenino 2005 s12"]
[Site "Belfort FRA"]
[Date "2005.07.19"]
[Round "1.1"]
[White "Hakimifard, Ghazal"]
[Black "G.srisha, Gutta"]
[Result "1-0"]
[WhiteElo "1599"]
[BlackElo "2092"]
[PlyCount "75"]
[EventDate "2005.07.19"]
[EventType "swiss"]
[EventRounds "11"]
[EventCountry "FRA"]
[Source "lmi"]
[SourceDate "2005.07.31"]

1. e4 c6 2. d4 d5 3. e5 Bf5 4. g4 Bg6 5. h4 h5 6. e6 f6 7. Bd3 Be4 8. f3 f5 9.
fxe4 fxe4 10. Be2 Qd6 11. g5 g6 12. Nh3 Qg3+ 13. Kf1 e3 14. Qd3 Nh6 15. Qxg6+
Kd8 16. Bxh5 Ng4 17. Bxg4 Bh6 18. Rg1 Rf8+ 19. Ke2 Rf2+ 20. Kd1 Rg2 21. Rxg2
Qxg2 22. Bxe3 Qxg4+ 23. Kd2 Qxh3 24. Qxh6 Qg2+ 25. Kc3 Qf1 26. g6 b5 27. Nd2
b4+ 28. Kb3 Qb5 29. g7 a5 30. g8=Q+ Kc7 31. a4 bxa3+ 32. Kxa3 Qb4+ 33. Ka2 Ra7
34. Qf4+ Kb6 35. Qfxb8+ Rb7 36. Qgd8+ Ka6 37. Qa8+ Ra7 38. Qxc6+ 1-0

[Event "Mundial Juvenil femenino 2005 s12"]
[Site "Belfort FRA"]
[Date "2005.07.19"]
[Round "1.2"]
[White "Paikidze, Nazi"]
[Black "Jimenez Lupianez, Laura"]
[Result "1-0"]
[WhiteElo "2083"]
[BlackElo "1599"]
[PlyCount "130"]
[EventDate "2005.07.19"]
[EventType "swiss"]
[EventRounds "11"]
[EventCountry "FRA"]
[Source "lmi"]
[SourceDate "2005.07.31"]

1. d4 d5 2. c4 c6 3. cxd5 cxd5 4. Nc3 Nf6 5. Bf4 Nc6 6. e3 a6 7. Bd3 Bg4 8. f3
Bh5 9. Nge2 e6 10. O-O Bd6 11. Qb3 Na5 12. Qc2 Rc8 13. Qa4+ Nc6 14. Rac1 O-O
15. a3 Re8 16. Rfd1 Bxf4 17. Nxf4 Qd6 18. Qc2 Bg6 19. Nxg6 hxg6 20. f4 Na5 21.
Qe2 b5 22. g3 Nc4 23. Bxc4 Rxc4 24. b3 Rc7 25. a4 b4 26. Na2 Rec8 27. Qe1 a5
28. Qf1 Qb6 29. Rxc7 Rxc7 30. Rc1 Ne4 31. Qd3 Rxc1+ 32. Nxc1 Qc7 33. Ne2 Nc3
34. Kf2 Nxe2 35. Kxe2 Qc1 36. Qd2 Qg1 37. Kd3 Kf8 38. Qc2 Qf1+ 39. Kd2 Qf2+ 40.
Kd3 Qxc2+ 41. Kxc2 Ke7 42. Kd3 Kf6 43. e4 g5 44. Ke3 g4 45. Kd3 g5 46. Ke3 Kg6
47. Kd3 gxf4 48. gxf4 Kh5 49. Ke3 Kh4 50. f5 Kh3 51. fxe6 fxe6 52. exd5 exd5
53. Kf4 Kh4 54. Kf5 Kh3 55. Kg5 g3 56. hxg3 Kxg3 57. Kf5 Kf3 58. Ke5 Ke3 59.
Kxd5 Kd3 60. Kc5 Kc3 61. d5 Kxb3 62. d6 Kxa4 63. d7 b3 64. d8=Q b2 65. Qd1+ Ka3
1-0

[Event "Mundial Juvenil femenino 2005 s12"]
[Site "Belfort FRA"]
[Date "2005.07.19"]
[Round "1.3"]
[White "Hohluka, Arina"]
[Black "Bulmaga, Irina"]
[Result "0-1"]
[WhiteElo "1599"]
[BlackElo "2074"]
[PlyCount "54"]
[EventDate "2005.07.19"]
[EventType "swiss"]
[EventRounds "11"]
[EventCountry "FRA"]
[Source "lmi"]
[SourceDate "2005.07.31"]

1. d4 d5 2. c4 c6 3. cxd5 cxd5 4. Nc3 Nf6 5. Bf4 Nc6 6. Nf3 e6 7. e3 a6 8. Bd3
Be7 9. O-O O-O 10. Re1 Bd7 11. Rc1 Rc8 12. e4 Nb4 13. a3 Nxd3 14. Qxd3 dxe4 15.
Nxe4 Nxe4 16. Rxc8 Qxc8 17. Rxe4 Bc6 18. Re1 Bxf3 19. Qxf3 Qd7 20. Rd1 Rd8 21.
Qe3 Qa4 22. Rd2 Qc4 23. Rd1 Bf6 24. Qc3 Qe2 25. Rd3 h6 26. Be3 e5 27. d5 e4 0-1

[Event "Mundial Juvenil femenino 2005 s12"]
[Site "Belfort FRA"]
[Date "2005.07.19"]
[Round "1.4"]
[White "Lolici, Iselin"]
[Black "Hugues, Rhian"]
[Result "1-0"]
[WhiteElo "2049"]
[BlackElo "1599"]
[PlyCount "79"]
[EventDate "2005.07.19"]
[EventType "swiss"]
[EventRounds "11"]
[EventCountry "FRA"]
[Source "lmi"]
[SourceDate "2005.07.31"]

1. c4 e5 2. g3 Nc6 3. Bg2 g6 4. Nc3 Bg7 5. e4 Nge7 6. Nge2 O-O 7. O-O d6 8. d3
a6 9. Be3 f5 10. Qd2 Rb8 11. Bh6 Be6 12. Bxg7 Kxg7 13. f4 Qd7 14. b3 Nd8 15. d4
exd4 16. Qxd4+ Kg8 17. Rad1 Ndc6 18. Qd2 Qe8 19. Nd5 Rc8 20. Qc3 Qf7 21. e5
dxe5 22. fxe5 Rfd8 23. Nf6+ Kg7 24. Nf4 Ng8 25. Nxe6+ Qxe6 26. Bd5 Qe7 27. Nxg8
Rxg8 28. Bxg8 Kxg8 29. Rfe1 Re8 30. e6 Qc5+ 31. Kh1 Qf8 32. Rd7 Re7 33. b4 Nb8
34. Rxe7 Qxe7 35. Qf3 c6 36. Qf4 Qe8 37. Qd6 b6 38. e7 Nd7 39. Qxd7 Qxd7 40.
e8=Q+ 1-0

[Event "Mundial Juvenil femenino 2005 s12"]
[Site "Belfort FRA"]
[Date "2005.07.19"]
[Round "1.5"]
[White "Jus, Katia"]
[Black "Cori T., Deysi"]
[Result "0-1"]
[WhiteElo "1599"]
[BlackElo "2035"]
[PlyCount "134"]
[EventDate "2005.07.19"]
[EventType "swiss"]
[EventRounds "11"]
[EventCountry "FRA"]
[Source "lmi"]
[SourceDate "2005.07.31"]

1. e4 c5 2. Nf3 d6 3. d4 cxd4 4. Nxd4 Nf6 5. Nc3 a6 6. Bg5 e6 7. Be2 Nbd7 8.
Nb3 b5 9. a3 h6 10. Be3 Bb7 11. f3 Be7 12. O-O O-O 13. Bf2 Rc8 14. Bd3 Nc5 15.
Rc1 d5 16. exd5 Nxd5 17. Nxc5 Bxc5 18. Nxd5 Qxd5 19. Kh1 Bxf2 20. Rxf2 Rfd8 21.
Rd2 Qg5 22. Qe2 Rd5 23. Rcd1 Rcd8 24. Qf2 Qf6 25. Qb6 R8d7 26. Qa7 g6 27. Qe3
Kg7 28. b3 Qc3 29. Qf2 Qc7 30. Qg3 Qxg3 31. hxg3 e5 32. Re1 f5 33. Rf2 Kf6 34.
Kg1 Bc6 35. Kh1 a5 36. Kg1 Rb7 37. Kh2 a4 38. b4 Rc7 39. Re3 Bd7 40. Rf1 Rc3
41. Ra1 Be6 42. Re2 Bd7 43. Kg1 Bc6 44. Kf2 Rd4 45. Ke3 Bd5 46. Kf2 Bc4 47.
Bxc4 Rdxc4 48. Ra2 g5 49. Rd2 Rd4 50. Rxd4 exd4 51. Ke2 h5 52. Kd2 f4 53. gxf4
gxf4 54. Ra1 Ke5 55. Re1+ Re3 56. Ra1 Kf5 57. Ra2 Kg5 58. Ra1 h4 59. Ra2 h3 60.
gxh3 Rxf3 61. Ra1 Rxh3 62. Rg1+ Rg3 63. Re1 Re3 64. Rxe3 fxe3+ 65. Ke2 Kf4 66.
Ke1 Kf3 67. Kd1 Kf2 0-1

[Event "Mundial Juvenil femenino 2005 s12"]
[Site "Belfort FRA"]
[Date "2005.07.19"]
[Round "1.6"]
[White "Danelia, Mariam"]
[Black "Johannsdottir, Johanna"]
[Result "1-0"]
[WhiteElo "1991"]
[BlackElo "1599"]
[PlyCount "71"]
[EventDate "2005.07.19"]
[EventType "swiss"]
[EventRounds "11"]
[EventCountry "FRA"]
[Source "lmi"]
[SourceDate "2005.07.31"]

1. d4 d5 2. c4 c6 3. cxd5 cxd5 4. Nc3 Nc6 5. Bf4 Nf6 6. e3 g6 7. Bd3 a6 8. a3
Bg7 9. h3 O-O 10. Rc1 b5 11. Nxb5 axb5 12. Rxc6 Qa5+ 13. Qd2 Qxd2+ 14. Kxd2 Bd7
15. Rc1 Ne4+ 16. Bxe4 dxe4 17. Ne2 Be8 18. Rc7 e6 19. Bd6 Rd8 20. Bxf8 Kxf8 21.
Rhc1 e5 22. Rc8 Rd6 23. Rb8 Ke7 24. Rc7+ Bd7 25. Rbb7 exd4 26. Nxd4 Be5 27. Ke2
Rd5 28. Nc6+ Ke6 29. Nxe5 Kxe5 30. Rxd7 Rc5 31. Re7+ Kf6 32. Rxf7+ Kg5 33. f4+
exf3+ 34. Kxf3 Rc1 35. Rxb5+ Kh6 36. Rbb7 1-0

[Event "Mundial Juvenil femenino 2005 s12"]
[Site "Belfort FRA"]
[Date "2005.07.19"]
[Round "1.7"]
[White "Mitra, Hejazipour"]
[Black "Lakshmi, Sahiti P"]
[Result "1-0"]
[WhiteElo "1599"]
[BlackElo "1984"]
[PlyCount "109"]
[EventDate "2005.07.19"]
[EventType "swiss"]
[EventRounds "11"]
[EventCountry "FRA"]
[Source "lmi"]
[SourceDate "2005.07.31"]

1. e4 c5 2. Nf3 d6 3. Bb5+ Bd7 4. Bxd7+ Qxd7 5. O-O Nf6 6. Re1 Nc6 7. c3 e6 8.
d4 cxd4 9. cxd4 d5 10. e5 Ne4 11. Nbd2 Nxd2 12. Bxd2 Be7 13. Rc1 O-O 14. Bg5
Rfc8 15. Bxe7 Nxe7 16. Qd3 Ng6 17. g3 Rc7 18. Qa3 b6 19. Kg2 Rac8 20. b3 a5 21.
Ng1 Rc2 22. Rxc2 Rxc2 23. Re2 Qc6 24. Qd6 Qxd6 25. exd6 Rc6 26. d7 Rd6 27. Rc2
Rxd7 28. Rc8+ Nf8 29. Rb8 Rd6 30. Ne2 f6 31. Nc3 Kf7 32. Rb7+ Kg8 33. Nb5 Rc6
34. Na7 Rc2 35. a4 e5 36. dxe5 fxe5 37. Rxb6 d4 38. Rd6 Kf7 39. Nc6 Ng6 40. h4
Rc5 41. h5 Ne7 42. Nd8+ Ke8 43. Ne6 Rc3 44. Rd8+ Kf7 45. Ng5+ Kf6 46. Ne4+ Ke6
47. Rd6+ Kf5 48. Nxc3 dxc3 49. Rd3 Nd5 50. Rxd5 Ke4 51. Rc5 Kd3 52. Rxa5 Kc2
53. Rxe5 Kxb3 54. a5 c2 55. Re1 1-0

[Event "Mundial Juvenil femenino 2005 s12"]
[Site "Belfort FRA"]
[Date "2005.07.19"]
[Round "1.8"]
[White "Pavlidou, Ekaterini"]
[Black "Karabayeva, Zhanna"]
[Result "1-0"]
[WhiteElo "1970"]
[BlackElo "1599"]
[PlyCount "78"]
[EventDate "2005.07.19"]
[EventType "swiss"]
[EventRounds "11"]
[EventCountry "FRA"]
[Source "lmi"]
[SourceDate "2005.07.31"]

1. d4 Nf6 2. c4 g6 3. Nc3 Bg7 4. e4 d6 5. Nf3 O-O 6. Be2 e5 7. dxe5 dxe5 8.
Qxd8 Rxd8 9. Bg5 Re8 10. O-O-O c6 11. h3 Nbd7 12. Bd3 a5 13. Na4 Rb8 14. c5 b5
15. cxb6 Nxb6 16. Nxb6 Rxb6 17. Be3 Rb8 18. Kb1 Be6 19. Ng5 Bf8 20. Rc1 Ba3 21.
Rc2 Bd7 22. Bc4 Rf8 23. Rd1 Kg7 24. f4 Bc8 25. fxe5 Nxe4 26. Nxe4 Bf5 27. Bd3
Rfd8 28. Nf2 Be6 29. Ka1 Be7 30. Be4 Rxd1+ 31. Nxd1 Rd8 32. Rd2 Rc8 33. Nc3 Bb4
34. a3 Be7 35. Na4 c5 36. Nb6 Rb8 37. Nd5 Bf8 38. Bg5 c4 39. Bf6+ Kg8 1-0

[Event "Mundial Juvenil femenino 2005 s12"]
[Site "Belfort FRA"]
[Date "2005.07.19"]
[Round "1.9"]
[White "Kowalska, Sara"]
[Black "Szabo, Noemi"]
[Result "0-1"]
[WhiteElo "1599"]
[BlackElo "1939"]
[PlyCount "92"]
[EventDate "2005.07.19"]
[EventType "swiss"]
[EventRounds "11"]
[EventCountry "FRA"]
[Source "lmi"]
[SourceDate "2005.07.31"]

1. e4 c5 2. Nf3 e6 3. Nc3 a6 4. d4 cxd4 5. Nxd4 b5 6. Be3 Bb7 7. Bd3 d6 8. O-O
Nf6 9. a3 Be7 10. Kh1 O-O 11. f4 Nbd7 12. Nb3 Qc7 13. Qe1 Ng4 14. Bd2 Nc5 15.
Nxc5 dxc5 16. Qg3 Nf6 17. e5 Nd5 18. f5 exf5 19. Bh6 g6 20. Bxf8 Kxf8 21. Nxd5
Bxd5 22. Rad1 Qc6 23. Qh3 Bg5 24. Be2 Re8 25. Bf3 Bxf3 26. Rxf3 Qe4 27. Qxh7
Qxe5 28. Rff1 Qxb2 29. Rb1 Qc3 30. Rbd1 Re2 31. Rf3 Re1+ 32. Rf1 Rxf1+ 33. Rxf1
b4 34. axb4 cxb4 35. Qh3 Qxh3 36. gxh3 a5 37. Ra1 Bd8 38. Rd1 Ke7 39. Kg2 Bb6
40. Kf3 a4 41. Ra1 a3 42. c3 Bc5 43. cxb4 Bxb4 44. Rd1 Bc3 45. Rd3 a2 46. Re3+
Kf6 0-1